[Event "Dzhubga op"]
[Site "Dzhubga"]
[Date "2023.08.08"]
[Round "8"]
[White "Serobyan, Genrik"]
[Black "Lebedev, Artem S"]
[Result "0-1"]
[WhiteElo "1769"]
[BlackElo "1936"]
[PlyCount "90"]
[EventDate "2023.08.01"]
[EventType "swiss"]
[EventRounds "9"]
[EventCountry "RUS"]
[SourceTitle "EXT 2024"]
[Source "ChessBase"]
[SourceDate "2023.10.10"]
[SourceVersion "1"]
[SourceVersionDate "2023.10.10"]
[SourceQuality "1"]

1. e4 e5 2. Nc3 Nf6 3. g3 d5 4. exd5 Nxd5 5. Bg2 Nxc3 6. bxc3 Nc6 7. Nf3 Bc5 8. 0-0 0-0 9. Re1 Bb6 10. Ba3 Re8 11. d4 Bg4 12. d5 Na5 13. Qd3 Qf6 14. Qe4 Bf5 15. Qe2 e4 16. Nh4 e3 17. f4 Qxc3 18. Nxf5 Qxa3 19. Qg4 Qc3 20. Bf3 Nc4 21. Kg2 Nd6 22. Be2 Nxf5 23. Qxf5 Rad8 24. Rad1 c6 25. Bf3 cxd5 26. Bxd5 Re7 27. Qd3 Qc5 28. c4 Rde8 29. Re2 Ba5 30. f5 Qb6 31. Rf1 Qf6 32. Rf4 Bb6 33. h4 Bc5 34. Kh3 Kf8 35. Rf1 Rd8 36. a4 a6 37. a5 Rde8 38. Rb1 Bd6 39. g4 Qe5 40. Rg1 Qf4 41. f6 Re4 42. Bxe4 Rxe4 43. fxg7+ Kg8 44. h5 Qf3+ 45. Kh4 Be7# 0-1

[Event "Sochi Lobanov Memorial"]
[Site "Sochi"]
[Date "2021.10.01"]
[Round "4"]
[White "Gitelson, Arkady"]
[Black "Serobyan, Genrik"]
[Result "1-0"]
[WhiteElo "2188"]
[BlackElo "1464"]
[PlyCount "75"]
[EventDate "2021.09.28"]
[EventType "swiss"]
[EventRounds "9"]
[EventCountry "RUS"]
[SourceTitle "CBM 204 Extra"]
[Source "ChessBase"]
[SourceDate "2021.11.30"]
[SourceVersion "1"]
[SourceVersionDate "2021.11.30"]
[SourceQuality "1"]

1. e4 e6 2. b3 d5 3. Bb2 dxe4 4. Nc3 Nf6 5. Qe2 Be7 6. 0-0-0 Bd7 7. Nxe4 Nxe4 8. Qxe4 Bc6 9. Qe3 Bf6 10. d4 0-0 11. Nf3 Bxf3 12. Qxf3 Qc8 13. Bd3 Rd8 14. Be4 c6 15. h4 Nd7 16. g4 g6 17. g5 Bg7 18. h5 Qc7 19. Kb1 a5 20. a4 Nf8 21. Rh4 c5 22. hxg6 fxg6 23. Bxb7 Rab8 24. Ba6 cxd4 25. Bd3 Qc5 26. Qg3 Rb4 27. Ka2 Be5 28. Qh3 Rb7 29. Ba3 Qc8 30. Rh1 Bd6 31. Bb2 Be5 32. f4 Bh8 33. Ba3 Rc7 34. Rh2 Qb7 35. Bxg6 Nxg6 36. Qxe6+ Rf7 37. Rxh7 Qd7 38. Qxg6+ 1-0